| 000 | 00840nam a2200205Ia 4500 | ||
|---|---|---|---|
| 003 | GCL | ||
| 008 | 140319s9999 xx 000 0 ara d | ||
| 020 | _a7180287977 | ||
| 040 |
_aGCL / _cGCL |
||
| 082 | 0 | 4 |
_a693.5 _bس ع |
| 100 | 1 | _aسعيد على خطاب على | |
| 245 | 1 | 0 |
_aعزل وحماية المنشأت الخرسانية طبقا لاحدث للمواصفات العالمية / _cسعيد على خطاب على |
| 260 |
_aالقاهرة : _bدار الكتب العلمية للنشر والتوزيع ، _c2001 |
||
| 300 |
_a191 ص ؛ _c24 سم |
||
| 650 | 0 | 4 | _aالمنشأت الخرسانية |
| 650 | 0 | 4 | _aالمنشأت الخرسانية - مواصفات الامان |
| 650 | 0 | 4 | _aالمنشأت الخرسانية - عقود ومواصفات |
| 650 | 0 | 4 | _aالبحيرات الصناعية |
| 942 |
_2ddc _cBK |
||
| 999 |
_c5428 _d5428 |
||